[Event "GER-chT Lands U20"]
[Site "Wiesbaden"]
[Date "2022.10.01"]
[Round "2.6"]
[White "Ignatova, Gabriela"]
[Black "Vasylenko, Nadeja"]
[Result "0-1"]
[WhiteElo "1099"]
[BlackElo "1261"]
[PlyCount "92"]
[EventDate "2022.09.30"]
[EventType "team-swiss"]
[EventRounds "7"]
[EventCountry "GER"]
[SourceTitle "CBM 210 Extra"]
[Source "ChessBase"]
[SourceDate "2022.11.30"]
[SourceVersion "1"]
[SourceVersionDate "2022.11.30"]
[SourceQuality "1"]
[WhiteTeam "Thueringen U20"]
[BlackTeam "Wuerttemberg U20"]
[WhiteTeamCountry "GER"]
[BlackTeamCountry "GER"]

1. e4 e5 2. Nf3 Nc6 3. Bc4 Bc5 4. c3 Nf6 5. d4 exd4 6. cxd4 Bb4+ 7. Bd2 Bxd2+ 8. Nbxd2 d6 9. d5 Ne7 10. 0-0 0-0 11. h3 Ng6 12. Re1 Ne5 13. Nxe5 dxe5 14. Nf3 Qe7 15. Qb3 Rd8 16. Ng5 Qd6 17. Rad1 h6 18. Ne6 Re8 19. Bb5 Re7 20. Qc3 fxe6 21. dxe6 Qb6 22. Rd8+ Kh7 23. Qf3 Qxe6 24. g4 Qf7 25. b3 Nd7 26. Qxf7 Rxf7 27. Rd1 Nf6 28. h4 c6 29. Bc4 Rd7 30. R1xd7 Nxd7 31. Be6 Nb6 32. Bxc8 Rxc8 33. Rd6 Re8 34. Kg2 Re7 35. Kg3 Rd7 36. Rxd7 Nxd7 37. f4 Kg6 38. h5+ Kf6 39. fxe5+ Kxe5 40. Kh4 Kf4 41. g5 hxg5+ 42. Kh3 Kf3 43. Kh2 g4 44. a4 Kf2 45. b4 g3+ 46. Kh1 g2+ 0-1

[Event "GER-ch U12 Girls"]
[Site "Willingen"]
[Date "2022.06.07"]
[Round "4"]
[White "Vasylenko, Nadeja"]
[Black "Neininger, Sarah"]
[Result "1/2-1/2"]
[WhiteElo "1305"]
[BlackElo "1429"]
[PlyCount "106"]
[EventDate "2022.06.04"]
[EventType "swiss"]
[EventRounds "9"]
[EventCountry "GER"]
[SourceTitle "CBM 208 Extra"]
[Source "ChessBase"]
[SourceDate "2022.07.31"]
[SourceVersion "1"]
[SourceVersionDate "2022.07.31"]
[SourceQuality "1"]

1. e4 c5 2. d4 cxd4 3. c3 Nf6 4. e5 Nd5 5. cxd4 e6 6. Ne2 d6 7. f4 Bd7 8. Nbc3 Bc6 9. Ng3 Nd7 10. Nce4 dxe5 11. fxe5 Bb4+ 12. Bd2 Ne3 13. Nd6+ Bxd6 14. Bxe3 Bb4+ 15. Kf2 0-0 16. Qb3 Be7 17. Be2 Bd5 18. Bc4 Nb6 19. Bxd5 Nxd5 20. Rhf1 Nxe3 21. Kxe3 Bg5+ 22. Kd3 b6 23. Ne4 Be7 24. Rad1 Qd7 25. Ke2 Rad8 26. Kf2 Qd5 27. Qxd5 Rxd5 28. Nc3 Rd7 29. g3 Rfd8 30. Ne2 h6 31. h4 Kh7 32. Ke3 Rf8 33. Rf3 f6 34. Rc1 fxe5 35. dxe5 Bc5+ 36. Ke4 Rxf3 37. Kxf3 Rd3+ 38. Kf4 Be3+ 39. Ke4 Bxc1 40. Kxd3 Bxb2 41. Ke4 g5 42. hxg5 hxg5 43. g4 Kg7 44. Ng1 Kf7 45. Nf3 Bc1 46. Kd4 Ke7 47. Kc4 a6 48. a4 Kd7 49. Nd4 Bf4 50. Nf3 Kc7 51. Nd4 Kd7 52. Nf3 Be3 53. Kd3 Bf4 1/2-1/2